Global Airports with the Most Destinations - Statistics

General Stats
  • This quiz has been taken 45 times
    22 since last reset
  • The average score is 25 of 30
Answer Stats
Destinations Airport % Correct
226 London
100%
208 New York (JFK)
100%
218 Los Angeles
95%
299 Paris
95%
265 Rome
95%
280 Dubai
90%
307 Frankfurt
90%
237 Madrid
90%
215 New York (Newark)
90%
253 Shanghai
90%
275 Amsterdam
86%
297 Chicago
86%
162 Hong Kong
86%
327 Istanbul
86%
207 Miami
86%
243 Munich
86%
172 Bangkok
81%
196 Doha
81%
179 Seoul
81%
161 Singapore
81%
186 Athens
76%
251 Atlanta
76%
236 Barcelona
76%
272 Dallas/Fort Worth
76%
207 Houston
71%
200 Toronto
71%
157 Delhi
67%
208 Vienna
67%
216 Guangzhou
62%
220 Zurich
62%
No matching quizzes found
Score Distribution
Percent of People with Each Score
Percentile by Number Answered
Your Score History
You have not taken this quiz since the last reset